000 00672nam a2200241Ia 4500
001 50852
005 20240114005205.0
007 ta
008 090612s1928 g b000 u 297 u
040 _aCotton College,Assam
041 _a297
082 _a892.7
_bAr 11 C
100 _aHamid, M. A. .
245 0 _aCatalogue of the Arabic and Persian Manuscripts Vol. XIII /
_cM. A. Hamid.
_hTextual Documents
250 _a1st ed /
260 _aPatna :
_bSuperintendent of Government Printing ,
_c1928.
300 _a185p ;
_c23 cm.
653 _aJournals
653 _aBV-Arabic Literature
942 _2ddc
_cBK
999 _c50817
_d50817